[Event "Hessen-ch Gr-D"]
[Site "Idstein"]
[Date "2009.04.12"]
[Round "5"]
[White "Baskin, Robert"]
[Black "Hoellwarth, Kai"]
[Result "1/2-1/2"]
[WhiteElo "1697"]
[BlackElo "1608"]
[PlyCount "35"]
[EventDate "2009.04.10"]
[EventType "swiss"]
[EventRounds "5"]
[EventCountry "GER"]
[SourceTitle "EXT 2010"]
[Source "ChessBase"]
[SourceDate "2010.11.25"]
[SourceVersion "1"]
[SourceVersionDate "2010.11.25"]
[SourceQuality "1"]

1. e4 d5 2. exd5 Qxd5 3. Nc3 Qa5 4. d4 Nf6 5. Bc4 c6 6. Bd2 Qb6 7. Nge2 Qxb2 8. Rb1 Qa3 9. 0-0 Qd6 10. Bf4 Qd8 11. d5 Nxd5 12. Bxd5 cxd5 13. Nxd5 Na6 14. Nec3 e6 15. Ne3 Be7 16. Nc4 Qxd1 17. Rfxd1 0-0 18. Nd6 1/2-1/2

[Event "Main Vogelsberg op 2nd"]
[Site "Grossauheim"]
[Date "2007.06.09"]
[Round "5"]
[White "Hoellwarth, Kai"]
[Black "Overbeck, Christopher"]
[Result "1/2-1/2"]
[WhiteElo "1608"]
[BlackElo "1849"]
[PlyCount "33"]
[EventDate "2007.06.07"]
[EventType "swiss"]
[EventRounds "7"]
[EventCountry "GER"]
[SourceTitle "EXT 2008"]
[Source "ChessBase"]
[SourceDate "2007.11.25"]
[SourceVersion "1"]
[SourceVersionDate "2007.11.25"]
[SourceQuality "1"]

1. g3 d5 2. Bg2 Nf6 3. d3 Bf5 4. Nc3 c6 5. Bg5 Nbd7 6. e4 Bg4 7. Bf3 Bxf3 8. Nxf3 Qc7 9. exd5 cxd5 10. 0-0 e6 11. Qe2 Be7 12. Nb5 Qb6 13. c4 a6 14. Be3 Qa5 15. Bd2 Qb6 16. Be3 Qa5 17. Bd2 1/2-1/2

[Event "Main Vogelsberg op 2nd"]
[Site "Grossauheim"]
[Date "2007.06.07"]
[Round "2"]
[White "Bokemaer, Artur"]
[Black "Hoellwarth, Kai"]
[Result "1/2-1/2"]
[WhiteElo "1302"]
[BlackElo "1608"]
[PlyCount "45"]
[EventDate "2007.06.07"]
[EventType "swiss"]
[EventRounds "7"]
[EventCountry "GER"]
[SourceTitle "EXT 2008"]
[Source "ChessBase"]
[SourceDate "2007.11.25"]
[SourceVersion "1"]
[SourceVersionDate "2007.11.25"]
[SourceQuality "1"]

1. d4 g6 2. Bf4 Bg7 3. Nf3 d6 4. h3 Nf6 5. Qc1 Bf5 6. c3 Nbd7 7. Nh4 Bxb1 8. Rxb1 c5 9. e3 Nh5 10. Bh2 Rc8 11. g4 Nhf6 12. Bg2 Rc7 13. Qd1 0-0 14. Qd3 c4 15. Qc2 b5 16. a3 Nb6 17. f4 e6 18. Nf3 Nfd5 19. Qf2 a5 20. e4 Nf6 21. Nd2 Ra7 22. Bf3 Re7 23. h4 1/2-1/2

[Event "Main Vogelsberg-ch"]
[Site "Grossauheim"]
[Date "2004.11.21"]
[Round "7"]
[White "Hoellwarth, Kai"]
[Black "Schloessner, Henrik"]
[Result "0-1"]
[WhiteElo "1622"]
[BlackElo "1876"]
[PlyCount "76"]
[EventDate "2004.11.13"]
[EventType "swiss"]
[EventRounds "7"]
[EventCountry "GER"]
[SourceTitle "EXT 2022"]
[Source "ChessBase"]
[SourceDate "2021.10.06"]
[SourceVersion "1"]
[SourceVersionDate "2021.10.06"]
[SourceQuality "1"]

1. Nf3 Nf6 2. d4 g6 3. Rg1 d6 4. h3 Bg7 5. g4 0-0 6. Nc3 c5 7. dxc5 dxc5 8. Qxd8 Rxd8 9. Bd2 Nc6 10. 0-0-0 Bd7 11. Bf4 Be8 12. Bg2 Nd7 13. Nd5 e5 14. Nc7 exf4 15. Nxe8 Rxe8 16. Rxd7 Rxe2 17. Rxb7 Nb4 18. Nd4 Nxa2+ 19. Kd1 Rxf2 20. Nf5 Rd8+ 21. Ke1 Rxc2 22. Ne7+ Kf8 23. Bd5 Rc1+ 24. Kf2 Bd4+ 25. Kf3 Rxg1 26. Bxa2 Rf1+ 27. Kg2 Rf2+ 28. Kh1 Re8 29. Nxg6+ Kg7 30. Ne7 Kf6 31. h4 Rxb2 32. g5+ Ke5 33. Bxf7 Rxb7 34. Nc6+ Kf5 35. Nxd4+ cxd4 36. Bxe8 Kg4 37. Bc6 Rc7 38. Bb5 Kg3 0-1

[Event "MVS-ch HT"]
[Site "Grossauheim"]
[Date "2000.11.19"]
[Round "3"]
[White "Graefe, Heiko"]
[Black "Hoellwarth, Kai"]
[Result "1/2-1/2"]
[WhiteElo "1605"]
[BlackElo "1497"]
[PlyCount "87"]
[EventDate "2000.11.18"]
[EventType "swiss"]
[EventRounds "6"]
[EventCountry "GER"]
[SourceTitle "EXT 2003"]
[Source "ChessBase"]
[SourceDate "2002.11.25"]
[SourceVersion "1"]
[SourceVersionDate "2002.11.25"]
[SourceQuality "1"]

1. e4 g6 2. Nf3 c5 3. d3 Bg7 4. g3 d6 5. Bg2 Nc6 6. 0-0 Bg4 7. Nbd2 Qd7 8. Re1 h5 9. c3 h4 10. gxh4 Rxh4 11. Qb3 Rh5 12. Nf1 Ne5 13. Nxe5 Bxe5 14. f4 Bf6 15. Ng3 Rh7 16. e5 dxe5 17. fxe5 Bh4 18. Qxb7 Qxb7 19. Bxb7 Bxg3 20. hxg3 Rb8 21. Bg2 Bf5 22. Be4 Be6 23. b3 Nh6 24. Be3 Rc8 25. Kg2 Ng4 26. Bf4 Rh2+ 27. Kg1 Kd7 28. Bf3 Rch8 29. Re2 Rxe2 30. Bxe2 Kc6 31. Bf3+ Bd5 32. Bxd5+ Kxd5 33. Re1 a6 34. Re4 Rh2 35. Ra4 Rc2 36. Bg5 Nxe5 37. Bxe7 Nxd3 38. Rxa6 Nc1 39. c4+ Ke5 40. Bxc5 Nxa2 41. Bf2 Nc1 42. Ra7 Nxb3 43. Rxf7 Rxc4 44. Re7+ 1/2-1/2

[Event "MVS-ch HT"]
[Site "Grossauheim"]
[Date "2000.11.19"]
[Round "4"]
[White "Hoellwarth, Kai"]
[Black "Schreiber, Torsten"]
[Result "0-1"]
[WhiteElo "1497"]
[BlackElo "1712"]
[PlyCount "68"]
[EventDate "2000.11.18"]
[EventType "swiss"]
[EventRounds "6"]
[EventCountry "GER"]
[SourceTitle "EXT 2003"]
[Source "ChessBase"]
[SourceDate "2002.11.25"]
[SourceVersion "1"]
[SourceVersionDate "2002.11.25"]
[SourceQuality "1"]

1. c4 e5 2. Nc3 Nc6 3. g3 a6 4. d3 Bc5 5. Bg2 Nf6 6. Bg5 Bxf2+ 7. Kf1 Bxg1 8. Kxg1 h6 9. Bd2 d6 10. Qa4 Bd7 11. Rf1 Nd4 12. Qd1 Bc6 13. e3 Bxg2 14. Kxg2 Ne6 15. Qf3 0-0 16. h4 Qd7 17. Ne2 Nc5 18. e4 Qg4 19. b4 Ne6 20. Bxh6 gxh6 21. Qxf6 Qxe2+ 22. Rf2 Qg4 23. Rhf1 Nf4+ 24. Rxf4 exf4 25. Rxf4 Qg6 26. Qd4 c5 27. bxc5 dxc5 28. Qxc5 Rac8 29. Qd4 Rcd8 30. Qb2 Rxd3 31. Qf2 Rfd8 32. Kh3 Rd2 33. Qc5 Qe6+ 34. Rg4+ Kh7 0-1